04789nam a22006255i 4500999001700000001001800017003000900035005001700044006001900061007001500080008004100095020001800136024003500154040001100189050000900200050001900209072001700228072002300245072001600268082001200284245011600296250001800412264007500430300006700505336002600572337002600598338003600624347002400660490009300684505095900777520161701736650001903353650002003372650002703392650002403419650002203443650002103465650002303486650003003509650005003539650002403589650002003613650003203633650002303665700007903688700007603767710003403843773002603877776003603903776003603939776003603975830009304011856004604104942001304150 c27399d27399978-3-030-64151-1DE-He21320240716160449.0a|||||o|||| 00| 0 cr nn 008mamaa210612s2021 sz | s |||| 0|eng d a97830306415117 a10.1007/978-3-030-64151-12doi cimu-kc 4aQ295 4aQA402.3-402.37 7aGPFC2bicssc 7aSCI0640002bisacsh 7aGPFC2thema04a00322310aRecent Trends in Naval Engineering Researchh[electronic resource] /cedited by Anthony A. Ruffa, Bourama Toni. a1st ed. 2021. 1aCham :bSpringer International Publishing :bImprint: Springer,c2021. aXIV, 309 p. 153 illus., 117 illus. in color.bonline resource. atextbtxt2rdacontent acomputerbc2rdamedia aonline resourcebcr2rdacarrier atext filebPDF2rda1 aSTEAM-H: Science, Technology, Engineering, Agriculture, Mathematics & Health,x2520-19480 aIntroductory Chapter: Mathematical Sciences and Naval Engineering Research -- Microlattice Materials and their potential applications in structural dynamics and acoustics -- Alternative Approach to Cagniard Method for Transient Ocean Acoustic Modeling -- Acoustic transmission in a low Mach number liquid flow -- Lift Production using Differential Cavity Ventilation -- An Exact Solution for a Kalman Smoother -- Metallic Foam Metamaterials for Vibration Damping and Isolation -- The other Navy Seals: Seal Whiskers as a Bio-Inspired Model for the Resolution of Vortex Induced Vibrations -- A series of multidimensional integral identities with applications to multivariate weighted generalized Gaussian Distributions -- Minimum Uniform Track Placement for Rectangular Regions -- Antenna Behavior in the Maritime Environment -- The Destabilizing impact of Non-Performers in Multi-Agent Groups -- Improving Inertial Navigation Accuracy with Bias Modeling. aThis multidisciplinary volume is the second in the STEAM-H series to feature invited contributions on mathematical applications in naval engineering. Seeking a more holistic approach that transcends current scientific boundaries, leading experts present interdisciplinary instruments and models on a broad range of topics. Each chapter places special emphasis on important methods, research directions, and applications of analysis within the field. Fundamental scientific and mathematical concepts are applied to topics such as microlattice materials in structural dynamics, acoustic transmission in low Mach number liquid flow, differential cavity ventilation on a symmetric airfoil, Kalman smoother, metallic foam metamaterials for vibration damping and isolation, seal whiskers as a bio-inspired model for the reduction of vortex-induced vibrations, multidimensional integral for multivariate weighted generalized Gaussian distributions, minimum uniform search track placement for rectangular regions, antennas in the maritime environment, the destabilizing impact of non-performers in multi-agent groups, inertial navigation accuracy with bias modeling. Carefully peer-reviewed and pedagogically presented for a broad readership, this volume is perfect to graduate and postdoctoral students interested in interdisciplinary research. Researchers in applied mathematics and sciences will find this book an important resource on the latest developments in naval engineering. In keeping with the ideals of the STEAM-H series, this volume will certainly inspire interdisciplinary understanding and collaboration. 0aSystem theory. 0aControl theory. 0aMathematical analysis. 0aNumerical analysis. 0aAlgebras, Linear. 0aFluid mechanics. 0aSpecial functions.14aSystems Theory, Control .24aIntegral Transforms and Operational Calculus.24aNumerical Analysis.24aLinear Algebra.24aEngineering Fluid Dynamics.24aSpecial Functions.1 aRuffa, Anthony A.eeditor.4edt4http://id.loc.gov/vocabulary/relators/edt1 aToni, Bourama.eeditor.4edt4http://id.loc.gov/vocabulary/relators/edt2 aSpringerLink (Online service)0 tSpringer Nature eBook08iPrinted edition:z978303064150408iPrinted edition:z978303064152808iPrinted edition:z9783030641535 0aSTEAM-H: Science, Technology, Engineering, Agriculture, Mathematics & Health,x2520-194840uhttps://doi.org/10.1007/978-3-030-64151-1 2ddccEBK